00333nam a2200121Ia 4500008004100000040001700041041001200058082001600070100001500086245006100101260003800162300001100200230917s9999||||xx |||||||||||||| ||und|| e143003aMAIN aEnglish a070.01 A81T aAhuja, B N 0aTheory and practice of journalism: Set to Indian context aDelhibSurjeet Publicationsc1979 a375 p.